Список дворовых людей [села Выбити], предназначенных к переселению в имение Саратовской губернии, представленный М. Возницким [И...

Доступно только в Электронных читальных залах Найти на картеНа карте
RUSMARC
00003517nmc2a2200000 x 450
0012aa96767-2b58-4ccc-ab3e-612227ae2c02
00520151218171545.0
100##$a20150909l18411841k l0rusy0189 ca
1010#$arus
102##$aRU
2001#$aСписок дворовых людей [села Выбити], предназначенных к переселению в имение Саратовской губернии, представленный М. Возницким [Иллариону Васильевичу Васильчикову]
$j1841 г.
251##$cДело
300##$aДело
801#0$aRU
$bРГИА
$c20150909
$gRCR
801#1$aRU
$bГлавНИВЦ
$c20150909
$2rusmarc
801#2$aRU
$bПБ им. Б.Н. Ельцина
$c20151218
$gRCR
$2rusmarc
850##$aРГИА
852##$aРГИА
$eФедеральное казенное учреждение "Российский государственный исторический архив" (РГИА)
$j1205
937##$hРГИА
$d12147990
$aASBIBLIO_SCAN
462#0$1001822e29f6-cf5c-4253-b938-c1de610979e5
$12001
$aАрхив князей Васильчиковых. 1706-1917 гг.
$1251
$cОпись
$1852
$j1
461#0$1001f72a1ecb-9a9a-44e3-87ff-4a647e6521fe
$12001
$aВасильчиковы, князья
$1251
$cФонд
$1852
$j651
215##$a2 л.
$d36,5х26 см
371##$aДокумент не является опубликованным и широко распространяемым
105##$ay###
1220#$ad
035##$a2aa96767-2b58-4ccc-ab3e-612227ae2c02
Формат отображения